| 000 | 00985cam a22003017a 4500 | ||
|---|---|---|---|
| 003 | CHAP | ||
| 005 | 20220329142802.0 | ||
| 008 | 030925d1964 mx r 00110 spa d | ||
| 010 | _a87739 | ||
| 011 | _a88711 | ||
| 035 | _a99256 | ||
| 040 | _cCHAP | ||
| 082 | 0 | 4 |
_a658.312404 _bP7 |
| 100 | 0 | 0 |
_aProctor, John H. _991841 |
| 245 | 1 | 0 |
_aCapacitación : _bmanual para directores de linea _c/por John H. Proctor y William M. Thornton |
| 260 |
_aMéxico, D.F. : _bHerrero Hermanos, _c1964. |
||
| 300 | _a206 p. | ||
| 500 | _aTrad. de : Training a handbook for line managers, 1961 | ||
| 590 |
_aBATCH-UPD _b10 _c20130110 _lUCH01 _h0739 |
||
| 590 |
_aBATCH-UPD _b10 _c20130410 _lUCH01 _h0421 |
||
| 590 |
_aBATCH-UPD _b10 _c20130914 _lUCH01 _h0839 |
||
| 590 |
_aCONVERSION _b10 _c20130109 _lUCH01 _h1349 |
||
| 650 | 1 | 4 |
_aCapacitación. _918690 |
| 901 | _aBK | ||
| 905 | _aAlejandra carrasco M. | ||
| 942 | _cLIBRO | ||
| 949 |
_a658.312404 P7 _bBC _cLIBRO _d33724000892154 _eLIBRO _h103990 _i99256 _si |
||
| 999 |
_c87739 _d87739 |
||